Historia de la música negra norteamericana
Guardat en:
| Autor principal: | |
|---|---|
| Format: | Llibre |
| Idioma: | espanyol |
| Publicat: |
Madrid
Akal
2001
|
| Edició: | 1a. ed |
| Col·lecció: | Akal Música, 9
|
| Matèries: | |
| Etiquetes: |
Afegir etiqueta
Sense etiquetes, Sigues el primer a etiquetar aquest registre!
|
MARC
| LEADER | 00000cam a2200000 a 4500 | ||
|---|---|---|---|
| 001 | UCD7512 | ||
| 003 | CL-VaPUC | ||
| 005 | 20241025121338.0 | ||
| 008 | 170326e20010000sp |||||||||||||||||spa|d | ||
| 999 | |c 367527 |d 367525 | ||
| 020 | |a 8446010666 | ||
| 040 | |c Pontificia Universidad Católica de Valparaíso | ||
| 082 | 0 | 4 | |a 781.65 |b SOU |2 21 |
| 100 | 0 | |a Southern, Eileen |e author |9 591546 | |
| 245 | 1 | 0 | |a Historia de la música negra norteamericana |
| 250 | |a 1a. ed | ||
| 260 | |a Madrid |b Akal |c 2001 | ||
| 300 | |a 689 p | ||
| 490 | 0 | |a Akal Música, 9 | |
| 583 | |a last modification |c 20170326 03:36:00 |k Rodrigo Vera | ||
| 650 | 0 | |a Música estadounidense |2 CL-VaPUC |9 442873 | |
| 650 | 0 | |a Música africana |2 CL-VaPUC |9 591548 | |
| 650 | 0 | |a Jazz |9 350487 | |
| 942 | |c BK |2 ddc | ||
| 945 | |d 20170326 03:36:00 |a arojas | ||
| 952 | |0 0 |1 0 |3 erd |4 0 |6 781_650000000000000_SOU_2001 |7 0 |8 ? |9 482445 |a BIBEDU |b BIBEDU |i 5368669 |l 3 |o 781.65 SOU 2001 |p 5368669 |r 2023-10-10 |s 2023-09-28 |w 2019-11-24 |y BK |z Catalogado en:20170326 |k MUS | ||